000 01514cam a2200397 a 4500
999 _c2854
_d2854
001 ocm12415665
003 OCoLC
005 20190122131134.0
008 870925r19841978sz b 001 0 eng
010 _a 86220296
020 _a2880440092 (pbk.)
020 _a9782880440091 (pbk.)
029 1 _aNLGGC
_b041714024
029 1 _aNZ1
_b10565000
029 1 _aAU@
_b000003834774
035 _a(OCoLC)12415665
_z(OCoLC)12159129
_z(OCoLC)12590589
040 _aDLC
_beng
_cDLC
_dOCL
_dNLGGC
_dBTCTA
_dYDXCP
_dOCLCG
_dCLU
_dTULIB
_dOCLCO
_dOCLCF
041 1 _aeng
_hfre
049 _aTZAA
050 0 4 _aHV568
_b.D84
082 0 _a361.7/7
_219
100 1 _aDurand, André,
_d1936-
240 1 0 _aDe Sarajevo à Hiroshima.
_lEnglish
245 1 0 _aFrom Sarajevo to Hiroshima :
_bhistory of the International Committee of the Red Cross /
_cAndré Durand.
260 _aGeneva :
_bHenry Dunant Institute,
_cc1984.
300 _a675 p. ;
_c23 cm.
500 _aTranslation of: De Sarajevo à Hiroshima.
500 _aOriginally published as v. 2 of Histoire du Comité international de la Croix-Rouge by Pierre Boissier and André Durand, 1978.
504 _aIncludes bibliographical references and index.
610 2 0 _aInternational Committee of the Red Cross
_xHistory.
_918093
610 2 7 _aInternational Committee of the Red Cross.
_2fast
653 _aDonation
655 7 _aHistory.
_2fast
700 1 _aBoissier, Pierre,
_d1920-
_tHistoire du Comité international de la Croix-Rouge.
942 _2lcc
_cBOOK